000 00479nam a22001937a 4500
003 LK-CoDNM
005 20250107120059.0
008 250107b |||||||| |||| 00| 0 eng d
040 _aLK-CoDNM
_dLK-CoDNM
_eLK-CoDNM
041 _aeng
080 _a4
_bG19
100 _aGunther,DR.Albert
245 _aCatalouge of Colubrine Snakes
260 _aLondon
_bOrder of the Trustees
_c1858
300 _axvi, 281p ; 18 cm
650 _aScience
650 _a4 G19
942 _cBK
999 _c235279
_d235279